Hacia una teoría latinoamericana de las ciencias sociales del desarrollo /

Bewaard in:
Bibliografische gegevens
Hoofdauteur: García, Antonio
Formaat: Texto
Onderwerpen:
Tags: Voeg label toe
Geen labels, Wees de eerste die dit record labelt!

MARC

LEADER 00000 a a2200000 04500
001 9491
003
040
100 |a García, Antonio  
245 |a Hacia una teoría latinoamericana de las ciencias sociales del desarrollo /  |c Antonio García 
650 |a CIENCIAS SOCIALES  
773 |g número 67; páginas 1-26  
999 |c 34866  |d 34866